[Event "Punta del Este Alekhiine op 1st"]
[Site "Punta del Este"]
[Date "2024.03.09"]
[Round "2"]
[White "Beron, Ricardo"]
[Black "Bossi, Hugo"]
[Result "1/2-1/2"]
[WhiteElo "1742"]
[BlackElo "1596"]
[PlyCount "73"]
[EventDate "2024.03.08"]
[EventType "swiss"]
[EventRounds "5"]
[EventCountry "URU"]
[SourceTitle "CB13_2024"]
[SourceDate "2024.03.27"]
[SourceVersion "1"]
[SourceVersionDate "2024.03.27"]
[SourceQuality "1"]

1. b4 Nf6 2. Bb2 d5 3. e3 e6 4. a3 Be7 5. Nf3 Nbd7 6. c4 c6 7. Be2 0-0 8. 0-0 Qc7 9. cxd5 cxd5 10. d3 b6 11. Nbd2 Bb7 12. Rc1 Qd8 13. Qc2 Rc8 14. Qb1 Rxc1 15. Rxc1 Qb8 16. h3 Rc8 17. Rc2 Rxc2 18. Qxc2 Qc8 19. Qxc8+ Bxc8 20. Nd4 Bd6 21. Nb5 Bb8 22. Nf3 a6 23. Nbd4 Ne5 24. Nxe5 Bxe5 25. f4 Bd6 26. Nf3 Nd7 27. g4 f6 28. Kf2 e5 29. fxe5 Nxe5 30. Nd4 Bb7 31. Nf5 Bc7 32. Nd4 Kf7 33. b5 a5 34. a4 Ke7 35. Nf5+ Kd7 36. Nd4 Ke7 37. Nf5+ 1/2-1/2

[Event "Montevideo Trebejos 50 Anniv op"]
[Site "Montevideo"]
[Date "2022.09.23"]
[Round "7"]
[White "Bossi, Hugo"]
[Black "Mott, Juan"]
[Result "0-1"]
[WhiteElo "1321"]
[BlackElo "1170"]
[PlyCount "90"]
[EventDate "2022.09.17"]
[EventType "swiss"]
[EventRounds "9"]
[EventCountry "URU"]
[SourceTitle "EXT 2023"]
[Source "ChessBase"]
[SourceDate "2022.10.05"]
[SourceVersion "1"]
[SourceVersionDate "2022.10.05"]
[SourceQuality "1"]

1. d4 e5 2. e3 exd4 3. exd4 Be7 4. Nf3 Nf6 5. Bd3 h6 6. 0-0 d5 7. Re1 Nc6 8. Nc3 a6 9. Qe2 Be6 10. a3 Qd7 11. b4 Bd6 12. Ne5 Nxd4 13. Nxd7 Nxe2+ 14. Rxe2 Nxd7 15. Bf5 0-0-0 16. Bxe6 fxe6 17. Rxe6 Rde8 18. Rxe8+ Rxe8 19. g3 Re1+ 20. Kg2 Be5 21. Bb2 Rxa1 22. Bxa1 Nb6 23. Bb2 Nc4 24. Ba1 Nxa3 25. f4 Bf6 26. Bb2 Nxc2 27. Nd1 Nxb4 28. Bxf6 gxf6 29. Kf3 a5 30. Kg4 a4 31. Kf5 a3 32. Nc3 d4 33. Ne4 a2 34. Kxf6 a1Q 35. Nd2 Qa2 36. Nf3 d3 37. Kg6 d2 38. Nxd2 Qxd2 39. g4 Qg2 40. Kxh6 Qxg4 41. f5 Qh4+ 42. Kg6 Nd5 43. f6 Qxf6+ 44. Kh7 c5 45. Kg8 c4 0-1

[Event "URU-ch Seniors 65+"]
[Site "Montevideo"]
[Date "2021.09.24"]
[Round "1"]
[White "Estevez, Ricardo"]
[Black "Bossi, Hugo"]
[Result "1/2-1/2"]
[WhiteElo "1896"]
[BlackElo "1357"]
[PlyCount "111"]
[EventDate "2021.09.24"]
[EventType "tourn"]
[EventRounds "5"]
[EventCountry "URU"]
[SourceTitle "EXT 2023"]
[Source "ChessBase"]
[SourceDate "2022.10.05"]
[SourceVersion "1"]
[SourceVersionDate "2022.10.05"]
[SourceQuality "1"]

1. d4 Nf6 2. f4 g6 3. Nf3 Bg7 4. e3 0-0 5. Bd3 d6 6. 0-0 c5 7. c3 cxd4 8. exd4 Nbd7 9. f5 Nb6 10. fxg6 hxg6 11. Bg5 Bg4 12. Qb3 Be6 13. c4 Rc8 14. d5 Bd7 15. Nbd2 Ba4 16. Qa3 a6 17. Rae1 Rc7 18. Qb4 Rc5 19. b3 a5 20. Qa3 Bd7 21. Be3 Rc8 22. Qxa5 Na8 23. Qb4 b5 24. Bd4 Nh5 25. Bxg7 Nxg7 26. Nd4 Qb6 27. N2f3 e5 28. dxe6 fxe6 29. Kh1 bxc4 30. Qxb6 Nxb6 31. Bxg6 e5 32. Ne2 cxb3 33. axb3 Bb5 34. Rf2 d5 35. Kg1 e4 36. Nfd4 Rxf2 37. Kxf2 Rf8+ 38. Ke3 Bd7 39. Nf4 Nf5+ 40. Nxf5 Bxf5 41. Bxf5 Rxf5 42. g4 Rf8 43. h4 d4+ 44. Kxd4 Rxf4 45. Rxe4 Rf1 46. g5 Nd7 47. b4 Rf5 48. g6 Nf6 49. Re6 Kg7 50. Kc4 Kxg6 51. b5 Kf7 52. Re1 Rf4+ 53. Kc5 Rxh4 54. b6 Nd7+ 55. Kc6 Nxb6 56. Kxb6 1/2-1/2

[Event "Punta del Este Alekhine op"]
[Site "Punta del Este"]
[Date "2020.03.07"]
[Round "3"]
[White "Gandara, Jorge"]
[Black "Bossi, Hugo"]
[Result "1-0"]
[WhiteElo "1456"]
[BlackElo "1280"]
[PlyCount "33"]
[EventDate "2020.03.06"]
[EventType "swiss"]
[EventRounds "5"]
[EventCountry "URU"]
[SourceTitle "EXT 2021"]
[Source "ChessBase"]
[SourceDate "2020.10.23"]
[SourceVersion "1"]
[SourceVersionDate "2020.10.23"]
[SourceQuality "1"]

1. d4 Nf6 2. Nf3 g6 3. Bf4 Bg7 4. e3 d6 5. Nbd2 Nh5 6. Bg3 Nd7 7. Be2 h6 8. Bh4 0-0 9. Ng1 Nhf6 10. h3 c5 11. c3 cxd4 12. cxd4 g5 13. Bg3 b6 14. Rc1 Nd5 15. e4 Nf4 16. Bxf4 gxf4 17. Ngf3 1-0